Dutch conjugation - Perfectum and Imperfectum - Statistics

General Stats
  • This quiz has been taken 26 times
    20 since last reset
  • The average score is 6 of 20
Answer Stats
Infinitief Vervoeging % Correct
KOMEN (to come) Ik ben {gekomen} [perfectum]
100%
WORDEN (to become) Ik ben {geworden} [perfectum]
100%
STERVEN (to die) Ik ben {gestorven} [perfectum]
100%
BETEKENEN (to mean / signify) Ik {betekende} [imperfectum]
100%
BEWEGEN (to move) Ik {bewoog} [imperfectum]
100%
BEZOEKEN (to visit) Ik {bezocht} [perfectum]
100%
BLIJVEN (to stay) Ik {bleef} [imperfectum]
100%
DANSEN (to dance) Ik {danste} [imperfectum]
100%
GAAN (to go) Ik {ging} [imperfectum]
100%
GIETEN (to pour) Ik {goot} [imperfectum]
100%
HEBBEN (to have) Ik {had} [imperfectum]
100%
AFWASSEN (to wash up) Ik heb {afgewassen} [perfectum]
100%
BIJTEN (to bite) Ik heb {gebeten} [perfectum]
100%
DRUIPEN (to drip) Ik heb {gedropen} [perfectum]
100%
HEBBEN (to have) Ik heb {gehad} [perfectum]
100%
HANGEN (to hang) Ik heb {gehangen} [perfectum]
100%
KOPEN (to buy) Ik heb {gekocht} [perfectum]
100%
LEZEN (to read) Ik heb {gelezen} [perfectum]
100%
NEMEN (to take) Ik heb {genomen} [perfectum]
100%
GENIETEN (to enjoy) Ik heb {genoten} [perfectum]
100%
SPREKEN (to speak) Ik heb {gesproken} [perfectum]
100%
VINDEN (to find) Ik heb {gevonden} [perfectum]
100%
ZIEN (to see) Ik heb {gezien} [perfectum]
100%
ZWEMMEN (to swim) Ik heb {gezwommen} [perfectum]
100%
VAREN (to sail) Ik heb / Ik ben {gevaren} [perfectum]
100%
VERLIEZEN (to lose) Ik heb {verloren} [perfectum]
100%
HELPEN (to help) Ik {hielp} [imperfectum]
100%
KOPEN (to buy) Ik {kocht} [imperfectum]
100%
KRIJGEN (to get / receive) Ik {kreeg} [imperfectum]
100%
AANKOMEN (to arrive) Ik {kwam} aan [imperfectum]
100%
LEZEN (to read) Ik {las} [imperfectum]
100%
LOPEN (to walk / run) Ik {liep} [imperfectum]
100%
SCHRIJVEN (to write) Ik {schreef} [imperfectum]
100%
TREKKEN (to pull) Ik {trok} [imperfectum]
100%
VERWACHTEN (to expect) Ik {verwachtte} [imperfectum]
100%
AFWASSEN (to wash up) Ik {waste} af [imperfectum]
100%
WETEN (to know) Ik {wist} [imperfectum]
100%
ZINKEN (to sink) Ik {zonk} [imperfectum]
100%
ZWEMMEN (to swim) Ik {zwom} [imperfectum]
100%
BEGINNEN (to begin) Ik heb {begonnen} [perfectum]
67%
VANGEN (to catch) Ik heb {gevangen} [perfectum]
67%
KIJKEN (to look / watch) Ik {keek} [imperfectum]
67%
BEGINNEN (to begin) Ik {begon} [imperfectum]
50%
DRINKEN (to drink) Ik {dronk} [imperfectum]
50%
BEGRIJPEN (to understand) Ik heb {begrepen} [perfectum]
50%
DRAGEN (to carry) Ik heb {gedragen} [perfectum]
50%
SCHEPPEN (to create) Ik heb {geschapen} [perfectum]
50%
ZEGGEN (to say) Ik heb {gezegd} [perfectum]
50%
ZENDEN (to send) Ik heb {gezonden} [perfectum]
50%
KIEZEN (to choose) Ik {koos} [imperfectum]
50%
WACHTEN (to wait) Ik {wachtte} [imperfectum]
50%
VRAGEN (to ask) Ik {vroeg} [imperfectum]
33%
WIJZEN (to point) Ik {wees} [imperfectum]
33%
ANTWOORDEN (to answer) Ik {antwoordde} [imperfectum]
0%
ETEN (to eat) Ik {at} [imperfectum]
0%
BIDDEN (to pray) Ik {bad} [imperfectum]
0%
BAKKEN (to bake) Ik {bakte} [imperfectum]
0%
BLIJVEN (to stay) Ik ben {gebleven} [perfectum]
0%
GAAN (to go) Ik ben {gegaan} [perfectum]
0%
VALLEN (to fall) Ik ben {gevallen} [perfectum]
0%
ZIJN (to be) Ik ben {geweest} [perfectum]
0%
BEDRIEGEN (to cheat) Ik {bedroog} [imperfectum]
0%
BIJTEN (to bite) Ik {beet} [imperfectum]
0%
BEGRIJPEN (to understand) Ik {begreep} [imperfectum]
0%
KRIMPEN (to shrink) Ik ben {gekrompen} [perfectum]
0%
SMELTEN (to melt) Ik ben {gesmolten} [perfectum]
0%
ZINKEN (to sink) Ik ben {gezonken} [perfectum]
0%
BESTAAN (to exist) Ik {bestond} [imperfectum]
0%
BETALEN (to pay) Ik {betaalde} [imperfectum]
0%
BLIJKEN (to appear) Ik {bleek} [imperfectum]
0%
BLAZEN (to blow) Ik {blies}
0%
BINDEN (to bind / tie) Ik {bond} [imperfectum]
0%
BIEDEN (to offer) Ik {bood} [imperfectum]
0%
BREKEN (to break) Ik {brak} [imperfectum]
0%
DENKEN (to think) Ik {dacht} [imperfectum]
0%
DOEN (to do) Ik {deed} [imperfectum]
0%
DRIJVEN (to float / drive) Ik {dreef} [imperfectum]
0%
DRAGEN (to carry) Ik {droeg} [imperfectum]
0%
DRUIPEN (to drip) Ik {droop} [imperfectum]
0%
FLUITEN (to whistle) Ik {floot} [imperfectum]
0%
GEVEN (to give) Ik {gaf} [imperfectum]
0%
GELOVEN (to believe) Ik {geloofde} [imperfectum]
0%
GENIETEN (to enjoy) Ik {genoot} [imperfectum]
0%
UITGAAN (to go out) Ik {ging uit} [imperfectum]
0%
GELDEN (to apply / be valid) Ik {gold} [imperfectum]
0%
WERPEN (to throw) Ik {gooide} [imperfectum]
0%
GRAVEN (to dig) Ik {groef} [imperfectum]
0%
GROEIEN (to grow) Ik {groeide} [imperfectum]
0%
AANKOMEN (to arrive) Ik heb {aangekomen} [perfectum]
0%
BEDRIEGEN (to cheat) Ik heb {bedrogen} [perfectum]
0%
BESTAAN (to exist) Ik heb {bestaan} [perfectum]
0%
BETALEN (to pay) Ik heb {betaald} [perfectum]
0%
BETEKENEN (to mean / signify) Ik heb {betekend} [perfectum]
0%
BEWEGEN (to move) Ik heb {bewogen} [perfectum]
0%
BEZOEKEN (to visit) Ik heb {bezocht} [perfectum]
0%
SLAAN (to hit) Ik heb {geslagen} [perfectum]
0%
ANTWOORDEN (to answer) Ik heb {geantwoord} [perfectum]
0%
BAKKEN (to bake) Ik heb {gebakken} [perfectum]
0%
BIDDEN (to pray) Ik heb {gebeden} [perfectum]
0%
BLAZEN (to blow) Ik heb {geblazen}
0%
BLIJKEN (to appear) Ik heb {gebleken} [perfectum]
0%
BIEDEN (to offer) Ik heb {geboden} [perfectum]
0%
BINDEN (to bind / tie) Ik heb {gebonden} [perfectum]
0%
BREKEN (to break) Ik heb {gebroken} [perfectum]
0%
DOEN (to do) Ik heb {gedaan} [perfectum]
0%
DENKEN (to think) Ik heb {gedacht} [perfectum]
0%
DANSEN (to dance) Ik heb {gedanst} [perfectum]
0%
DRIJVEN (to float / drive) Ik heb {gedreven} [perfectum]
0%
DRINKEN (to drink) Ik heb {gedronken} [perfectum]
0%
FLUITEN (to whistle) Ik heb {gefloten} [perfectum]
0%
ETEN (to eat) Ik heb {gegeten} [perfectum]
0%
GEVEN (to give) Ik heb {gegeven} [perfectum]
0%
GELDEN (to apply / be valid) Ik heb {gegolden} [perfectum]
0%
WERPEN (to throw) Ik heb {gegooid} [perfectum]
0%
GIETEN (to pour) Ik heb {gegoten} [perfectum]
0%
GRAVEN (to dig) Ik heb {gegraven} [perfectum]
0%
GROEIEN (to grow) Ik heb {gegroeid} [perfectum]
0%
HELPEN (to help) Ik heb {geholpen} [perfectum]
0%
HOUDEN (VAN) (to love) Ik heb {gehouden} (van) [perfectum]
0%
KIJKEN (to look / watch) Ik heb {gekeken} [perfectum]
0%
KLINKEN (to sound / ring) Ik heb {geklonken} [perfectum]
0%
KOSTEN (to cost) Ik heb {gekost} [perfectum]
0%
KIEZEN (to choose) Ik heb {gekozen} [perfectum]
0%
KRIJGEN (to get / receive) Ik heb {gekregen} [perfectum]
0%
KUNNEN (can / to be able to) Ik heb {gekund} [perfectum]
0%
LATEN (to let / allow) Ik heb {gelaten} [perfectum]
0%
LEVEN (to live) Ik heb {geleefd} [perfectum]
0%
LIGGEN (to lie / be situated) Ik heb {gelegen} [perfectum]
0%
LIJKEN (to seem / appear) Ik heb {geleken} [perfectum]
0%
GELOVEN (to believe) Ik heb {geloofd} [perfectum]
0%
LOPEN (to walk / run) Ik heb {gelopen} [perfectum]
0%
MOETEN (must / to have to) Ik heb {gemoeten} [perfectum]
0%
MOGEN (may / to be allowed to) Ik heb {gemogen} [perfectum]
0%
POETSEN (to clean / polish) Ik heb {gepoetst} [perfectum]
0%
PRATEN (to talk / speak) Ik heb {gepraat} [perfectum]
0%
PROBEREN (to try) Ik heb {geprobeerd} [perfectum]
0%
RIJDEN (to drive / ride) Ik heb {gereden} [perfectum]
0%
REIZEN (to travel) Ik heb {gereisd} [perfectum]
0%
ROEPEN (to call) Ik heb {geroepen} [perfectum]
0%
RUIKEN (to smell) Ik heb {geroken} [perfectum]
0%
SCHENKEN (to give / to offer) Ik heb {geschonken} [perfectum]
0%
SCHEREN (to shave) Ik heb {geschoren} [perfectum]
0%
SCHIETEN (to shoot) Ik heb {geschoten} [perfectum]
0%
SCHRIJVEN (to write) Ik heb {geschreven} [perfectum]
0%
SLUITEN (to close) Ik heb {gesloten} [perfectum]
0%
SNIJDEN (to cut) Ik heb {gesneden} [perfectum]
0%
SNUITEN (to blow nose) Ik heb {gesnoten} [perfectum]
0%
SPELEN (to play) Ik heb {gespeeld} [perfectum]
0%
SPRINGEN (to jump) Ik heb {gesprongen} [perfectum]
0%
STAAN (to stand) Ik heb {gestaan} [perfectum]
0%
STARTEN (to start) Ik heb {gestart} [perfectum]
0%
STELLEN (to put / place / pose) Ik heb {gesteld} [perfectum]
0%
STEKEN (to put) Ik heb {gestoken} [perfectum]
0%
STELEN (to steal) Ik heb {gestolen} [perfectum]
0%
STUDEREN (to study) Ik heb {gestudeerd} [perfectum]
0%
TREKKEN (to pull) Ik heb {getrokken} [perfectum]
0%
VECHTEN (to fight) Ik heb {gevochten} [perfectum]
0%
VRAGEN (to ask) Ik heb {gevraagd} [perfectum]
0%
VRIEZEN (to freeze) Ik heb {gevroren} [perfectum]
0%
WACHTEN (to wait) Ik heb {gewacht} [perfectum]
0%
WASSEN (to wash) Ik heb {gewassen} [perfectum]
0%
WETEN (to know) Ik heb {geweten} [perfectum]
0%
WIJZEN (to point) Ik heb {gewezen} [perfectum]
0%
WILLEN (to want) Ik heb {gewild} [perfectum]
0%
WEGEN (to weigh) Ik heb {gewogen} [perfectum]
0%
WINNEN (to win) Ik heb {gewonnen} [perfectum]
0%
WERVEN (to recruit) Ik heb {geworven} [perfectum]
0%
ZITTEN (to sit) Ik heb {gezeten} [perfectum]
0%
ZETTEN (to put) Ik heb {gezet} [perfectum]
0%
ZOEKEN (to search / look for) Ik heb {gezocht} [perfectum]
0%
ZINGEN (to sing) Ik heb {gezongen} [perfectum]
0%
ZORGEN (to care) Ik heb {gezorgd} [perfectum]
0%
ZWIJGEN (to be quiet) Ik heb {gezwegen} [perfectum]
0%
ZWEREN (to swear) Ik heb {gezworen} [perfectum]
0%
VLIEGEN (to fly) Ik heb / Ik ben {gevlogen} [perfectum]
0%
VERGETEN (to forget) Ik heb / Ik ben {vergeten} [perfectum]
0%
ONTBIJTEN (to have breakfast) Ik heb {ontbeten} [perfectum]
0%
UITGAAN (to go out) Ik heb {uitgegaan} [perfectum]
0%
VERBIEDEN (to forbid) Ik heb {verboden} [perfectum]
0%
VERTELLEN (to tell / narrate) Ik heb {verteld} [perfectum]
0%
VERTREKKEN (to leave / depart) Ik heb {vertrokken} [perfectum]
0%
VERWACHTEN (to expect) Ik heb {verwacht} [perfectum]
0%
VOORSTELLEN (to propose / suggest) Ik heb {voorgesteld} [perfectum]
0%
HOUDEN (VAN) (to love) Ik {hield} (van) [imperfectum]
0%
HANGEN (to hang) Ik {hing} [imperfectum]
0%
KLINKEN (to sound / ring) Ik {klonk} [imperfectum]
0%
KUNNEN (can / to be able to) Ik {kond} [imperfectum]
0%
KOSTEN (to cost) Ik {kostte} [imperfectum]
0%
KRIMPEN (to shrink) Ik {kromp} [imperfectum]
0%
KOMEN (to come) Ik {kwam} [imperfectum]
0%
LIGGEN (to lie / be situated) Ik {lag} [imperfectum]
0%
LEVEN (to live) Ik {leefde} [imperfectum]
0%
LIJKEN (to seem / appear) Ik {leek} [imperfectum]
0%
LATEN (to let / allow) Ik {liet} [imperfectum]
0%
MOGEN (may / to be allowed to) Ik {mocht} [imperfectum]
0%
MOETEN (must / to have to) Ik {moest} [imperfectum]
0%
NEMEN (to take) Ik {nam} [imperfectum]
0%
ONTBIJTEN (to have breakfast) Ik {ontbeet} [imperfectum]
0%
POETSEN (to clean / polish) Ik {poetste} [imperfectum]
0%
PRATEN (to talk / speak) Ik {pratte} [imperfectum]
0%
PROBEREN (to try) Ik {probeerde} [imperfectum]
0%
RIJDEN (to drive / ride) Ik {reed} [imperfectum]
0%
REIZEN (to travel) Ik {reisde} [imperfectum]
0%
ROEPEN (to call) Ik {riep} [imperfectum]
0%
RUIKEN (to smell) Ik {rook} [imperfectum]
0%
SCHEPPEN (to create) Ik {schiep} [imperfectum]
0%
SCHENKEN (to give / to offer) Ik {schonk} [imperfectum]
0%
SCHEREN (to shave) Ik {schoor} [imperfectum]
0%
SCHIETEN (to shoot) Ik {schoot} [imperfectum]
0%
SLAAN (to hit) Ik {sloeg} [imperfectum]
0%
SLUITEN (to close) Ik {sloot} [imperfectum]
0%
SMELTEN (to melt) Ik {smolt} [imperfectum]
0%
SNIJDEN (to cut) Ik {sneed} [imperfectum]
0%
SNUITEN (to blow nose) Ik {snot} [imperfectum]
0%
SPELEN (to play) Ik {speelde} [imperfectum]
0%
SPREKEN (to speak) Ik {sprak} [imperfectum]
0%
SPRINGEN (to jump) Ik {sprong} [imperfectum]
0%
STEKEN (to put) Ik {stak} [imperfectum]
0%
STELEN (to steal) Ik {stal} [imperfectum]
0%
STARTEN (to start) Ik {startte} [imperfectum]
0%
STELLEN (to put / place / pose) Ik {stelde} [imperfectum]
0%
VOORSTELLEN (to propose / suggest) Ik {stelde voor} [imperfectum]
0%
STERVEN (to die) Ik {stierf} [imperfectum]
0%
STAAN (to stand) Ik {stond} [imperfectum]
0%
STUDEREN (to study) Ik {studeerde} [imperfectum]
0%
VERBIEDEN (to forbid) Ik {verbood} [imperfectum]
0%
VERGETEN (to forget) Ik {vergat} [imperfectum]
0%
VERLIEZEN (to lose) Ik {verloor} [imperfectum]
0%
VERTELLEN (to tell / narrate) Ik {vertelde} [imperfectum]
0%
VERTREKKEN (to leave / depart) Ik {vertrok} [imperfectum]
0%
VALLEN (to fall) Ik {viel} [imperfectum]
0%
VANGEN (to catch) Ik {ving} [imperfectum]
0%
VLIEGEN (to fly) Ik {vloog} [imperfectum]
0%
VECHTEN (to fight) Ik {vocht} [imperfectum]
0%
VAREN (to sail) Ik {voer} [imperfectum]
0%
VINDEN (to find) Ik {vond} [imperfectum]
0%
VRIEZEN (to freeze) Ik {vroor} [imperfectum]
0%
ZIJN (to be) Ik {was} [imperfectum]
0%
WASSEN (to wash) Ik {waste} [imperfectum]
0%
WORDEN (to become) Ik {werd} [imperfectum]
0%
WERVEN (to recruit) Ik {wierf} [imperfectum]
0%
WILLEN (to want) Ik {wilde / wou} [imperfectum]
0%
WINNEN (to win) Ik {won} [imperfectum]
0%
WEGEN (to weigh) Ik {woog} [imperfectum]
0%
ZIEN (to see) Ik {zag} [imperfectum]
0%
ZITTEN (to sit) Ik {zat} [imperfectum]
0%
ZEGGEN (to say) Ik {zei / zegde} [imperfectum]
0%
ZETTEN (to put) Ik {zette} [imperfectum]
0%
ZOEKEN (to search / look for) Ik {zocht} [imperfectum]
0%
ZENDEN (to send) Ik {zond} [imperfectum]
0%
ZINGEN (to sing) Ik {zong} [imperfectum]
0%
ZORGEN (to care) Ik {zorgde} [imperfectum]
0%
ZWIJGEN (to be quiet) Ik {zweeg} [imperfectum]
0%
ZWEREN (to swear) Ik {zwoer} [imperfectum]
0%
No matching quizzes found
Score Distribution
Percent of People with Each Score
Percentile by Number Answered
Your Score History
You have not taken this quiz since the last reset